Discursos universitarios.

Guardat en:
Dades bibliogràfiques
Autor principal: Ríos Alvarez, Lautaro
Format: Llibre
Idioma:espanyol
Publicat: Valparaíso, Chile Universidad de Playa Ancha 1999
Matèries:
Etiquetes: Afegir etiqueta
Sense etiquetes, Sigues el primer a etiquetar aquest registre!

MARC

LEADER 00000cam a2200000 a 4500
001 UCP9148
003 CL-VaPUC
005 20210713001430.0
008 000317e19990000CL |||||||||||||||||spa|d
999 |c 285994  |d 285992 
020 |a 9567017921 
040 |c Pontificia Universidad Católica de Valparaíso 
082 0 4 |a 378.001 RIO 1999  |2 21 
100 0 |a Ríos Alvarez, Lautaro  |9 439542 
245 1 0 |a Discursos universitarios. 
260 0 3 |a Valparaíso, Chile  |b Universidad de Playa Ancha  |c 1999 
300 |a 181 páginas. 
583 |a last modification  |c 20190427 12:39:33  |k Rodrigo Vera 
600 0 7 |a ROJAS, GONZALO  |2 CL-VaPUC  |9 319345 
650 0 |a Abogados  |9 256284 
650 0 |a Derecho público   |9 255910 
650 0 |a Enseñanza del derecho  |9 354184 
650 0 |a Educación superior   |9 223851 
651 7 |a CHILE  |2 CL-VaPUC  |9 439543 
942 |c BK  |2 ddc 
945 |d 20000317 00:00:00  |a vberengu 
952 |0 0  |1 0  |2 ddc  |4 0  |6 378_001000000000000_RIO_1999  |7 0  |8 P  |9 330965  |a BIBDER  |b BIBDER  |d 2019-11-20  |i 3593789  |o 378.001 RIO 1999  |p 3593789  |r 2023-01-25  |w 2019-11-20  |y BK  |k DER